Bibliographical guide to the study of the literature of the USA
Uloženo v:
| Hlavní autor: | |
|---|---|
| Médium: | Kniha |
| Jazyk: | Undetermined |
| Vydáno: |
North Carolina, Estados Unidos
Duke University Press
1976
|
| Témata: | |
| Tagy: |
Přidat tag
Žádné tagy, Buďte první, kdo vytvoří štítek k tomuto záznamu!
|
MARC
| LEADER | 00000nam a2200000Ia 4500 | ||
|---|---|---|---|
| 008 | 170316s9999 xx 000 0 und d | ||
| 040 | |a cru BVZT | ||
| 090 | |a 810 G-17b | ||
| 100 | |a Godhes, Clarence | ||
| 245 | |a Bibliographical guide to the study of the literature of the USA | ||
| 260 | |a North Carolina, Estados Unidos | ||
| 260 | |b Duke University Press | ||
| 260 | |c 1976 | ||
| 300 | |a 173 páginas | ||
| 650 | |a LITERATURA ESTADOUNIDENSE | ||
| 999 | |c 5663 |d 5663 | ||
| 942 | |c 15 D |h 810 G-17b |2 z | ||
